Tilastot visalle Keravan nykyiset kaupunginvaltuutetut

Klikkaa tästä pelataksesi tätä visaa!

Yleistilastot

  • Tätä visaa on pelattu 34 kertaa
  • Keskiarvotulos 11 / 51

Vastaustilastot

ValtuustoryhmäAsemaValtuutettu% Oikein
VasemmistoliittoJäsenPia Lohikoski
81%
KokoomusJäsenEero Lehti
69%
VasemmistoliittoJäsenMaila Hölttä
56%
SDPValtuuston pjMarkku Liimatainen
50%
VihreätValtuuston 1.vpjEero Forstén
44%
KokoomusJäsenEsa Savenius
44%
SDPJäsenSamuli Isola
44%
PerussuomalaisetJäsenLahja Havansi
38%
PerussuomalaisetJäsenErkki Havansi
31%
PerussuomalaisetJäsenIiro Silvander
31%
KeskustaJäsenJyrki Virtanen
31%
SDPJäsenMatti Nieminen
31%
KristillisdemokraatitJäsenPentti Rönkkö
31%
VihreätJäsenSäde Evilä
31%
VihreätJäsenVeikko T. Valkonen
31%
SDPJäsenAnne Karjalainen
25%
VihreätJäsenEeva Lahtinen
25%
KokoomusJäsenErkki Kauranen
25%
VasemmistoliittoJäsenJuha-Matti Vuorensyrjä
25%
VasemmistoliittoJäsenKari Kuulas
25%
KokoomusJäsenMarkku Pyykkölä
25%
KokoomusValtuuston 2.vpjAnja Hänninen
19%
SDPJäsenIlppo Alatalo
19%
PerussuomalaisetJäsenJouni Tirkkonen
19%
KokoomusJäsenMarja Suomela
19%
SDPJäsenTuula Lind
19%
PerussuomalaisetJäsenAntti Määttä
13%
KokoomusJäsenEija Mansikkamäki
13%
KokoomusJäsenHarri Nikander
13%
KokoomusJäsenIlkka Lavas
13%
KokoomusJäsenJuhani Koivusaari
13%
KokoomusJäsenJüri Linros
13%
SDPJäsenKim Savolainen
13%
VihreätJäsenKirsi Kanerva-Poranen
13%
PerussuomalaisetJäsenLeena Riikonen
13%
RKPJäsenMalin Pulkkinen
13%
SDPJäsenMarja-Liisa Nykänen
13%
SDPJäsenPäivi Wilén
13%
KeskustaJäsenPertti Syrjälä
13%
VihreätJäsenSari Pesu
13%
SDPJäsenTuula Komokallio
13%
SDPJäsenHeli Karhu
6%
VihreätJäsenJoanna Ovaska
6%
KokoomusJäsenJukka Nissinen
6%
KokoomusJäsenMargit Lindholm
6%
KokoomusJäsenMikko-Petteri Masalin
6%
SDPJäsenNiina Saarinen
6%
PerussuomalaisetJäsenPaul Enjala
6%
VihreätJäsenTaina Pikkupeura
6%
KokoomusJäsenVeli-Erkki Ylirisku
6%
SDPJäsenVille Hoikkala
6%

Tulosjakauma

Persentiili vastausten määrän mukaan

Jokaisen tuloksen saaneiden osuus

Tuloshistoriasi

Et ole pelannut tätä visaa